004100000a2200121000450024501000000065000230010065000270012365000260015065000240017604100130020010000230021377300520023610aFlagships, umbrellas, and keystones: is single-species management passé in the landscape era?14aEspecies sombrilla14aEcología del paisaje14aCalidad del hábitat14aEspecies en peligro0 aInglés1 aSimberloff, Daniel1 tBiological Conservation3147q247-257d1998g83